Online
Catalog

El libro de las mil noches y una noche / (Record no. 39842)

MARC details
000 -CABECERA
campo de control de longitud fija 00540nam a2200157 a 4500
001 - NÚMERO DE CONTROL
campo de control 000040352
005 - FECHA Y HORA DE LA ÚLTIMA TRANSACCIÓN
campo de control 20201002034058.0
008 - DATOS DE LONGITUD FIJA--INFORMACIÓN GENERAL
campo de control de longitud fija 130822s2004 sp 000 0 spa d
040 ## - FUENTE DE LA CATALOGACIÓN
Centro catalogador/agencia de origen DO-SdBNP
Lengua de catalogación spa
Centro/agencia transcriptor BNPHU
100 1# - ENTRADA PRINCIPAL--NOMBRE DE PERSONA
Nombre de persona Blanco Ibañez, V.
9 (RLIN) 66649
245 13 - MENCIÓN DE TÍTULO
Título El libro de las mil noches y una noche /
Mención de responsabilidad, etc. V. Blanco Ibañez ; traductor J. C. Mardrus ; prólogo de E. Gómez Carrillo.
260 ## - PUBLICACIÓN, DISTRIBUCIÓN, ETC.
Lugar de publicación, distribución, etc. Valencia :
Nombre del editor, distribuidor, etc. Prometeo,
Fecha de publicación, distribución, etc. [196?].
300 ## - DESCRIPCIÓN FÍSICA
Extensión 245 p. ;
Dimensiones 19 cm.
700 1# - PUNTO DE ACCESO ADICIONAL--NOMBRE DE PERSONA
Nombre de persona Mardrus, J. C.
Término indicativo de función/relación tr.
9 (RLIN) 66650
700 1# - PUNTO DE ACCESO ADICIONAL--NOMBRE DE PERSONA
Nombre de persona Gómez Carrillo, E.
9 (RLIN) 66651
Holdings
Estado de retiro Estado de pérdida Restricciones de uso No para préstamo Código de colección Localización permanente Ubicación/localización actual Ubicación en estantería Fecha de adquisición Número de inventario Total de préstamos Signatura topográfica completa Código de barras Fecha visto por última vez Precio válido a partir de Tipo de ítem Koha
      Excluido de préstamo Monografías: Libros y Folletos General General En catalogación 22.08.2013 LF1   40352-10 25.06.2020 25.06.2020 No se presta

Powered by Koha